| 000 | 01050cam a2200325 i 4500 | ||
|---|---|---|---|
| 001 | 17931432 | ||
| 003 | OSt | ||
| 005 | 20221018161503.0 | ||
| 008 | 131105s2015 ctua b 001 0 eng | ||
| 010 | _a 2013954648 | ||
| 020 | _a1285734552 | ||
| 040 |
_aDLC _beng _erda _cDLC |
||
| 042 | _apcc | ||
| 050 | 0 | 0 |
_aLB1051 _b.S66 2015 |
| 100 | 1 | _aSnowman, Jack, | |
| 245 | 1 | 0 |
_aPsychology applied to teaching / _cJack Snowman & Rick McCown |
| 250 | _a14th ed. | ||
| 264 | 1 |
_aStamford, CT : _bCengage Learning, _c2015 |
|
| 300 | _axxviii, 660 p. | ||
| 336 |
_atext _2rdacontent |
||
| 337 |
_aunmediated _2rdamedia |
||
| 338 |
_avolume _2rdacarrier |
||
| 504 | _aInclude bibliographical references (pages 594-627) and indexes. | ||
| 650 | 0 | _aEducational psychology. | |
| 650 | 0 |
_aEducational psychology _vTextbooks. |
|
| 700 | 1 |
_aMcCown, R. R., _d1952- _eauthor. |
|
| 906 |
_a0 _bibc _corignew _d3 _eepcn _f20 _gy-gencatlg |
||
| 942 |
_2lcc _cBK |
||
| 999 |
_c19659 _d19658 |
||